000 00645nam a2200205Ia 4500
003 GCL
008 140319s9999 xx 000 0 ara d
040 _aGCL /
_cGCL
082 0 4 _a301.3203
_bب م
100 1 _aحلانوفل رزق الله
245 1 0 _aمعجم مصطلحات الديموغرافيا /
_cحلانوفل رزق الله
700 1 _aبيرسا، رولان
300 _a402 ص
490 _aالهيئة العامة للاستعلامات
_v0
650 0 4 _aالسكان
650 0 4 _aالسكان - علم
650 0 4 _aالاحصاءات الحيوية
650 0 4 _aالسكان - معاجم
942 _2ddc
_cBK
999 _c51824
_d51824